Ananthanarayan and Paniker's Textbook of Microbiology with MCQs (Record no. 53)

MARC details
000 -LEADER
Fixed length control field 00537nam a2200193Ia 4500
003 - CONTROL NUMBER IDENTIFIER
Control field IIN
005 - DATE AND TIME OF LATEST TRANSACTION
Control field 20240202113053.0
008 - FIXED-LENGTH DATA ELEMENTS--GENERAL INFORMATION
Fixed length control field 231217s9999 xx 000 0 und d
020 ## - INTERNATIONAL STANDARD BOOK NUMBER / ISBN
Price Rs.1095.00
International Standard Book Number 9789389211436
040 ## - CATALOGING SOURCE
Original cataloging agency IIN
Language of cataloging English
082 ## - DEWEY DECIMAL CLASSIFICATION NUMBER
Classification number 579
Book Number KAN
100 1# - MAIN ENTRY--PERSONAL NAME
Personal name Kanungo, Reba [ED]
245 1# - TITLE STATEMENT
Title Ananthanarayan and Paniker's Textbook of Microbiology with MCQs
Statement of responsibility Reba Kanungo Ed.
250 ## - EDITION STATEMENT
Edition statement 11th ed
260 ## - IMPRINT
Name of publisher Universities Press
Place of publication Hyderabad
Date of publication 2020
300 ## - PHYSICAL DESCRIPTION
Page / Vol. No xx, 660 p.
650 1# - SUBJECT ADDED ENTRY--TOPICAL TERM
Topical term Microbiology
942 ## - ADDED ENTRY ELEMENTS (KOHA)
Koha item type Books
Holdings
Withdrawn status Lost status Source of classification Damaged status Not for loan Collection code Home library Current library Date acquired Price Total Checkouts Call number Accession number Date last seen Price effective from Koha item type
    Dewey Decimal Classification       IDEAL INSTITUTE OF NURSING IDEAL INSTITUTE OF NURSING 17/12/2023 1095.00   579 KAN 48 17/12/2023 17/12/2023 Books
    Dewey Decimal Classification       IDEAL INSTITUTE OF NURSING IDEAL INSTITUTE OF NURSING 17/12/2023 1095.00   579 KAN 49 17/12/2023 17/12/2023 Books
    Dewey Decimal Classification       IDEAL INSTITUTE OF NURSING IDEAL INSTITUTE OF NURSING 17/12/2023 1095.00   579 KAN 50 17/12/2023 17/12/2023 Books
    Dewey Decimal Classification       IDEAL INSTITUTE OF NURSING IDEAL INSTITUTE OF NURSING 17/12/2023 1095.00   579 KAN 51 17/12/2023 17/12/2023 Books
    Dewey Decimal Classification       IDEAL INSTITUTE OF NURSING IDEAL INSTITUTE OF NURSING 17/12/2023 1095.00   579 KAN 52 17/12/2023 17/12/2023 Books
© Ideal Institute Of Nursing, All rights reserved.         Powered by Koha